《拖车》/ (Record no. 10021)
[ view plain ]
| 000 -LEADER | |
|---|---|
| fixed length control field | 01346nam a22002057a 4500 |
| 001 - CONTROL NUMBER | |
| control field | 10021 |
| 003 - CONTROL NUMBER IDENTIFIER | |
| control field | FISKH |
| 005 - DATE AND TIME OF LATEST TRANSACTION | |
| control field | 20260401113035.0 |
| 008 - FIXED-LENGTH DATA ELEMENTS--GENERAL INFORMATION | |
| fixed length control field | 260330b cb ||||| |||| 00| 0 eng d |
| 020 ## - INTERNATIONAL STANDARD BOOK NUMBER | |
| International Standard Book Number | 9787517605737 |
| 040 ## - CATALOGING SOURCE | |
| Original cataloging agency | FISKH |
| Language of cataloging | chi |
| Transcribing agency | FISKH |
| Modifying agency | FISKH |
| 082 ## - DEWEY DECIMAL CLASSIFICATION NUMBER | |
| Classification number | 843 |
| 100 ## - MAIN ENTRY--PERSONAL NAME | |
| Personal name | 安托万·德·圣-埃克苏佩里 |
| 245 ## - TITLE STATEMENT | |
| Title | 《拖车》/ |
| Statement of responsibility, etc. | 安托万·德·圣-埃克苏佩里 |
| 300 ## - PHYSICAL DESCRIPTION | |
| Extent | 10 unnumbered pages : |
| Other physical details | color illustrations ; |
| Dimensions | 15 cm . |
| 520 ## - SUMMARY, ETC. | |
| Summary, etc. | 故事讲述了一位飞行员在撒哈拉沙漠坠机后,遇见了一位来自外星球的小王子。小王子向他讲述了自己离开家乡、游历各个星球的经历。在这些星球上,他遇到了国王、爱虚荣的人、商人等形形色色的“大人”,这些人物反映了成人世界的荒谬与空虚。<br/><br/>来到地球后,小王子遇见了一只狐狸。狐狸告诉他:“重要的东西用眼睛是看不见的,必须用心去看。”这句话让小王子明白了爱与责任的真正意义,也让他更加思念自己星球上的玫瑰。<br/><br/>这本书通过简单的故事,表达了对纯真、友情和爱的珍视,同时提醒人们不要失去童心,要用心去感受生活中真正重要的东西。 |
| 700 ## - ADDED ENTRY--PERSONAL NAME | |
| Personal name | 安托万·德·圣-埃克苏佩里 |
| Relator term | Illustrator |
| 942 ## - ADDED ENTRY ELEMENTS (KOHA) | |
| Source of classification or shelving scheme | Dewey Decimal Classification |
| Koha item type | Chinese Book |
| Suppress in OPAC | No |
| Withdrawn status | Lost status | Source of classification or shelving scheme | Damaged status | Not for loan | Collection | Home library | Current library | Shelving location | Date acquired | Total Checkouts | Full call number | Barcode | Date last seen | Price effective from | Koha item type |
|---|---|---|---|---|---|---|---|---|---|---|---|---|---|---|---|
| Dewey Decimal Classification | Reference | Footprints International School Library Network Toul Tom Poung Campus | Footprints International School Library Network Toul Tom Poung Campus | Librarian's Shelf TTP | 03/30/2026 | 安托万·德·圣-埃克苏佩里 843 | 2026-0403 | 03/30/2026 | 03/30/2026 | Books |
